[Event "Lansing op"]
[Site "Lansing"]
[Date "2004.09.04"]
[Round "2"]
[White "Bailey, Gregory E"]
[Black "Squeteri, Mark"]
[Result "1-0"]
[WhiteElo "1921"]
[BlackElo "1801"]
[PlyCount "83"]
[EventDate "2004.09.03"]
[EventType "swiss"]
[EventRounds "7"]
[EventCountry "USA"]
[SourceTitle "EXT 2007"]
[Source "ChessBase"]
[SourceDate "2006.11.23"]
[SourceVersion "1"]
[SourceVersionDate "2006.11.23"]
[SourceQuality "1"]

1. f4 d5 2. Nf3 e6 3. g3 Nf6 4. Bg2 Nc6 5. 0-0 Be7 6. c4 0-0 7. b3 h6 8. Bb2 a6 9. d4 Na7 10. cxd5 Nxd5 11. e4 Nf6 12. Re1 c5 13. e5 Nd5 14. Na3 cxd4 15. Bxd4 Bxa3 16. Rc1 Bd7 17. Rc2 Bb4 18. Rf1 Ne3 19. Bxe3 Nc6 20. Bd2 Ba3 21. Be3 Rc8 22. Rd2 Nb8 23. Ba7 Nc6 24. Rxd7 Qe8 25. Rxb7 Ra8 26. Bf2 Qc8 27. Qd7 Nb4 28. Rc7 Qe8 29. Bc5 a5 30. Bxf8 Qxf8 31. Nd4 Nd5 32. Bxd5 exd5 33. Qxd5 Rd8 34. Qc4 Bb2 35. Nf5 Qe8 36. Nd6 Qe6 37. Qxe6 fxe6 38. Rc8 Rxc8 39. Nxc8 Kf7 40. Nd6+ Ke7 41. Nc4 Bd4+ 42. Kg2 1-0